000 00673nam a22002417a 4500
001 86969
003 UA-OsUOA
005 20240321135801.0
007 ta
008 20120913b un ||||| |||| 00| 0 ukr d
040 _aUA-OsUOA
_bukr
_cUA-OsUOA
_dUA-OsUOA
041 _aukr
080 _a82-94(477)
090 _a82-94(477)
_bХ - 27
100 _aХахуля О.
_92209
245 _aБ. Антоненко-Давидович у пазурях чекістів
_bСпогади
260 _b"Ластівка"
_c1987
300 _a215 с.
650 7 _2UDC
942 _cBK
_2udc
955 _a3
999 _c373179
_d373179